Loreto College Library, Kolkata
WEBOPAC (ONLINE PUBLIC ACCESS CATALOGUE)

Over 300 great lives (Record no. 30717)

MARC details
000 -LEADER
fixed length control field 00553nam a2200193Ia 4500
008 - FIXED-LENGTH DATA ELEMENTS--GENERAL INFORMATION
fixed length control field 131103s9999 xx 000 0 und d
020 ## - ISBN | অাই এস বি এন
ISBN | অাই এস বি এন 81 223 0273 4
PRICE Rs.120.00
040 ## - CATALOGING SOURCE
Original cataloging agency Loreto College
041 ## - LANGUAGE CODE
Language code English
082 ## - DDC | ডিউই
Classification number | বর্গসংখ্যা 920/KOT
Book Number | গ্রন্থাঙ্ক LCBED/13165
100 ## - MAIN ENTRY--PERSONAL NAME | মুখ্য সংলেখ - ব্যাক্তিনাম
Personal name | ব্যাক্তিনাম Kothari, Ajay Kumar
245 ## - TITLE STATEMENT | অাখ্যা বিবরণী
Title | অাখ্যা Over 300 great lives
Statement of responsibility | লেখকের দায়িত্বের বিবরণ Ajay Kumar Kothari & Vishwa Mithra Sharma
260 ## - IMPRINT | প্রকাশনা ক্ষেত্র
Place of publication | প্রকাশ স্থান Delhi
Name of publisher | প্রকাশকের নাম Pustak Mahal
Date of publication | প্রকাশ কাল 1999
300 ## - PHYSICAL DESCRIPTION |
Page / Vol. No | পৃষ্ঠা / খন্ড সংখ্যা xi,344p.
Other physical details | অনান্য বাহ্যিক বিবরণ ill.
650 ## - SUBJECT ADDED ENTRY--TOPICAL TERM | বিষয় শিরোনাম - মূল বিষয়
Topical term | মূল বিষয় Biography
700 ## - ADDED ENTRY--PERSONAL NAME | অতিরিক্ত সংলেখ - ব্
Personal name | ব্যাক্তিনাম Sharma, Vishwa Mithra
850 ## - HOLDING INSTITUTION
Holding institution LCBED/920/KOT
942 ## - ADDED ENTRY ELEMENTS (KOHA)
Koha item type Books
Holdings
Withdrawn status Lost status Damaged status Not for loan Home library Current library Date acquired Total Checkouts Full call number Accession No. Date last seen Price effective from Koha item type
        Loreto College Loreto College 04/11/2013   920/KOT LCBED/13165 B33565 04/11/2013 04/11/2013 Books